[Event "San Sebastian Gros op 26th"]
[Site "San Sebastian"]
[Date "2016.06.29"]
[Round "7"]
[White "Del Rey, Diego"]
[Black "Martin Iribar, Ander"]
[Result "1-0"]
[WhiteElo "2388"]
[BlackElo "2108"]
[PlyCount "61"]
[EventDate "2016.06.24"]
[EventType "swiss"]
[EventRounds "9"]
[EventCountry "ESP"]
[SourceTitle "EXT 2017"]
[Source "ChessBase"]
[SourceDate "2016.10.25"]
[SourceVersion "1"]
[SourceVersionDate "2016.10.25"]
[SourceQuality "1"]

1. d4 Nf6 2. Nf3 c5 3. e3 g6 4. Be2 Bg7 5. 0-0 Qc7 6. c4 0-0 7. Nc3 cxd4 8. Nxd4 Nc6 9. Ndb5 Qd8 10. e4 d6 11. Be3 Bd7 12. Rc1 a6 13. Na3 Rb8 14. f4 b5 15. cxb5 axb5 16. Naxb5 Qa5 17. a4 Rfc8 18. Kh1 Qb4 19. e5 dxe5 20. fxe5 Nxe5 21. Bf4 Bxb5 22. Bxe5 Bxe2 23. Qxe2 Rb7 24. Nd5 Rxc1 25. Nxb4 Rxf1+ 26. Qxf1 Rxb4 27. a5 Ra4 28. Qd1 Ra2 29. h3 h5 30. Qd8+ Kh7 31. g3 1-0

[Event "Euskadi-ch"]
[Site "Zornotza"]
[Date "2016.03.30"]
[Round "3"]
[White "Ladron de Guevara Pinto, Miguel"]
[Black "Martin Iribar, Ander"]
[Result "1/2-1/2"]
[WhiteElo "2135"]
[BlackElo "1974"]
[PlyCount "135"]
[EventDate "2016.03.28"]
[EventType "swiss"]
[EventRounds "7"]
[EventCountry "ESP"]
[SourceTitle "EXT 2018"]
[Source "ChessBase"]
[SourceDate "2017.10.13"]
[SourceVersion "1"]
[SourceVersionDate "2017.10.13"]
[SourceQuality "1"]

1. d4 Nf6 2. c4 c5 3. d5 b5 4. cxb5 a6 5. bxa6 g6 6. Nc3 Bg7 7. e4 0-0 8. a7 Rxa7 9. Nf3 Qb6 10. Be2 Ba6 11. 0-0 e6 12. Re1 exd5 13. e5 Ng4 14. Nxd5 Bxe2 15. Rxe2 Qb7 16. h3 Nh6 17. Be3 Na6 18. Rc1 Nf5 19. Bg5 Rb8 20. Ne7+ Nxe7 21. Bxe7 Rc8 22. Qd2 Qb6 23. Bd6 Qd8 24. Rce1 Rb7 25. Ng5 Qe8 26. Ne4 Qe6 27. Nf6+ Kh8 28. Qa5 Nb4 29. a3 Nd3 30. Qa6 Qb3 31. Re3 c4 32. R1e2 Qb6 33. Qxb6 Rxb6 34. Nxd7 Rxb2 35. Rxb2 Nxb2 36. Rc3 Na4 37. Rc2 c3 38. Kf1 Bh6 39. Ke2 Bd2 40. Nf6 Nc5 41. Bxc5 Rxc5 42. Ne4 Rxe5 43. Kd3 Rd5+ 44. Kc4 Rd8 45. Nxc3 Rc8+ 46. Kd3 Rd8+ 47. Kc4 Rc8+ 48. Kb3 Rb8+ 49. Ka4 Ra8+ 50. Kb3 Rb8+ 51. Ka2 Bg5 52. Ne4 Bd8 53. Nd6 Kg7 54. Rc8 Rxc8 55. Nxc8 Kf6 56. Nd6 Bb6 57. Kb3 Ke6 58. Ne4 Kf5 59. f3 Kf4 60. Kc4 f5 61. Nf6 Kg3 62. Nxh7 Kxg2 63. Ng5 Be3 64. Ne6 Kxf3 65. h4 Kg4 66. Nf8 Kxh4 67. Nxg6+ Kg5 68. Ne5 1/2-1/2

[Event "San Sebastian op 39th"]
[Site "San Sebastian"]
[Date "2016.03.20"]
[Round "2"]
[White "Pogorelov, Ruslan"]
[Black "Martin Iribar, Ander"]
[Result "1-0"]
[WhiteElo "2347"]
[BlackElo "1974"]
[PlyCount "101"]
[EventDate "2016.03.19"]
[EventType "swiss"]
[EventRounds "9"]
[EventCountry "ESP"]
[SourceTitle "CBM 171 Extra"]
[Source "ChessBase"]
[SourceDate "2016.04.26"]
[SourceVersion "1"]
[SourceVersionDate "2016.04.26"]
[SourceQuality "1"]

1. Nf3 c5 2. c4 g6 3. e4 Bg7 4. d4 cxd4 5. Nxd4 Nc6 6. Be3 d6 7. Be2 Nh6 8. Nc3 0-0 9. Qd2 Ng4 10. Bxg4 Bxg4 11. 0-0 Nxd4 12. Bxd4 Be6 13. b3 Qa5 14. Bxg7 Kxg7 15. Qd4+ Qe5 16. Qxe5+ dxe5 17. Rfd1 Rfc8 18. f3 Kf8 19. Kf2 Rab8 20. Ke3 Ke8 21. Rd3 Rc5 22. g4 h6 23. h4 a6 24. a4 Rd8 25. Rxd8+ Kxd8 26. Rd1+ Ke8 27. Kd3 f6 28. Ra1 b6 29. Nd5 Bxd5 30. exd5 a5 31. h5 g5 32. Ke4 Kf7 33. Rd1 Rc8 34. Rd3 Rd8 35. Ke3 Ke8 36. Rd2 Kd7 37. Ke4 Kd6 38. Kf5 Rg8 39. Rb2 Kc5 40. Ke6 Rg7 41. Rd2 Kb4 42. Rd3 Ka3 43. d6 exd6 44. Kxf6 Rd7 45. Kg6 Kb2 46. Kxh6 Kc2 47. Re3 Kd2 48. Re4 Rf7 49. Kxg5 Rxf3 50. h6 Rxb3 51. Kg6 1-0

[Event "ESP-ch U18"]
[Site "Salobrena"]
[Date "2015.07.31"]
[Round "7"]
[White "Martin Iribar, Ander"]
[Black "Campins Machado, Francesc"]
[Result "1-0"]
[WhiteElo "1935"]
[BlackElo "2127"]
[PlyCount "103"]
[EventDate "2015.07.27"]
[EventType "swiss"]
[EventRounds "9"]
[EventCountry "ESP"]
[SourceTitle "EXT 2016"]
[Source "ChessBase"]
[SourceDate "2015.10.08"]
[SourceVersion "1"]
[SourceVersionDate "2015.10.08"]
[SourceQuality "1"]

1. d4 Nf6 2. c4 e6 3. g3 Bb4+ 4. Bd2 Qe7 5. Nf3 Nc6 6. Bg2 Bxd2+ 7. Nbxd2 0-0 8. 0-0 d6 9. Qc2 a5 10. Rfe1 e5 11. d5 Nb8 12. e4 Nfd7 13. b3 Nc5 14. a3 Nba6 15. Qc3 f5 16. b4 Nxe4 17. Nxe4 fxe4 18. Nd2 axb4 19. axb4 Bd7 20. Nxe4 Bf5 21. Ra4 Bxe4 22. Bxe4 Rf7 23. b5 Qd7 24. Ra2 Raf8 25. bxa6 bxa6 26. Qd3 h5 27. Rf1 h4 28. Bg2 Qg4 29. h3 Qg5 30. g4 Rf4 31. Be4 Rb8 32. f3 Rff8 33. Qd2 Qf6 34. Rxa6 Rb3 35. Ra2 Rfb8 36. Rc2 Qe7 37. c5 Qd8 38. c6 R8b4 39. Re1 Qf6 40. Ra2 Rxe4 41. Ra8+ Kh7 42. Qc2 g6 43. Qxe4 Rxf3 44. Ra2 Rxh3 45. Rf1 Qg5 46. Rg2 Re3 47. Qb4 h3 48. Qb8 Qe7 49. Rgf2 Kh6 50. Rf7 Qh4 51. Qh8+ Kg5 52. Qf6+ 1-0

[Event "ESP-ch U18"]
[Site "Salobrena"]
[Date "2015.07.27"]
[Round "2"]
[White "Martin Iribar, Ander"]
[Black "De la Calle Fuentes, Sergio"]
[Result "1-0"]
[WhiteElo "1935"]
[BlackElo "1712"]
[PlyCount "39"]
[EventDate "2015.07.27"]
[EventType "swiss"]
[EventRounds "9"]
[EventCountry "ESP"]
[SourceTitle "EXT 2016"]
[Source "ChessBase"]
[SourceDate "2015.10.08"]
[SourceVersion "1"]
[SourceVersionDate "2015.10.08"]
[SourceQuality "1"]

1. d4 c5 2. d5 e5 3. Nc3 d6 4. e4 a6 5. a4 g6 6. Nf3 Bg7 7. Bc4 Ne7 8. 0-0 0-0 9. Re1 f5 10. Ng5 f4 11. Ra3 Rf6 12. Rb3 h6 13. Ne6 Bxe6 14. dxe6 Nbc6 15. Rxb7 Na5 16. Rd7 Qe8 17. Nd5 Nxd5 18. Bxd5 Rd8 19. Rxd8 Qxd8 20. e7+ 1-0

[Event "ESP-ch U16"]
[Site "Salobrena"]
[Date "2015.07.21"]
[Round "3"]
[White "Escudero Manzano, Sergio"]
[Black "Martin Iribar, Ander"]
[Result "1-0"]
[WhiteElo "2153"]
[BlackElo "1935"]
[PlyCount "45"]
[EventDate "2015.07.20"]
[EventType "swiss"]
[EventRounds "9"]
[EventCountry "ESP"]
[SourceTitle "EXT 2016"]
[Source "ChessBase"]
[SourceDate "2015.10.08"]
[SourceVersion "1"]
[SourceVersionDate "2015.10.08"]
[SourceQuality "1"]

1. e4 c5 2. Nf3 e6 3. c4 a6 4. Nc3 Nc6 5. Be2 Qc7 6. 0-0 Nf6 7. d4 cxd4 8. Nxd4 Bd6 9. h3 Be5 10. Be3 Qd6 11. c5 Qe7 12. f4 Bxd4 13. Bxd4 e5 14. fxe5 Nxe5 15. Rf5 Nc6 16. Bxf6 gxf6 17. Nd5 Qxc5+ 18. Kh1 Kd8 19. Nxf6 Qe7 20. Qb3 b5 21. Qe3 Rb8 22. Nd5 Qe8 23. Qg5+ 1-0

[Event "San Sebastian Gros op 25th"]
[Site "San Sebastian"]
[Date "2015.06.27"]
[Round "2"]
[White "Lazarev, Vladimir"]
[Black "Martin Iribar, Ander"]
[Result "1-0"]
[WhiteElo "2361"]
[BlackElo "1840"]
[PlyCount "65"]
[EventDate "2015.06.26"]
[EventType "swiss"]
[EventRounds "9"]
[EventCountry "ESP"]
[SourceTitle "CBM 167 Extra"]
[Source "ChessBase"]
[SourceDate "2015.09.14"]
[SourceVersion "1"]
[SourceVersionDate "2015.09.14"]
[SourceQuality "1"]

1. d4 Nf6 2. c4 c5 3. d5 b5 4. cxb5 a6 5. bxa6 g6 6. Nc3 Bxa6 7. g3 d6 8. Bg2 Bg7 9. Nf3 Nbd7 10. Rb1 0-0 11. 0-0 Qa5 12. Bd2 Rfb8 13. a4 Ng4 14. Qc2 Nge5 15. Nxe5 Bxe5 16. Rfe1 Qb6 17. b3 Ra7 18. e3 Bg7 19. f4 f5 20. h3 Nf6 21. Kh2 Bb7 22. Red1 e6 23. dxe6 Bxg2 24. Kxg2 Re7 25. Kh2 Rxe6 26. Nb5 Kh8 27. b4 Qc6 28. Nd4 Qe4 29. bxc5 Rxb1 30. Qxb1 Ng4+ 31. hxg4 Qxb1 32. Rxb1 Bxd4 33. c6 1-0

[Event "San Sebastian Primavera de Gros op 11th"]
[Site "San Sebastian"]
[Date "2015.06.06"]
[Round "7"]
[White "Martin Iribar, Ander"]
[Black "Prieto Aranguren, Alain"]
[Result "1-0"]
[WhiteElo "1886"]
[BlackElo "2181"]
[PlyCount "109"]
[EventDate "2015.04.25"]
[EventType "swiss"]
[EventRounds "8"]
[EventCountry "ESP"]
[SourceTitle "EXT 2019"]
[Source "ChessBase"]
[SourceDate "2018.10.10"]
[SourceVersion "1"]
[SourceVersionDate "2018.10.10"]
[SourceQuality "1"]

1. d4 g6 2. c4 Bg7 3. Nc3 d6 4. Nf3 Bg4 5. e3 Nf6 6. Be2 0-0 7. 0-0 Nc6 8. h3 Bf5 9. d5 Nb4 10. Nd4 Bd7 11. a3 Na6 12. b4 c5 13. dxc6 bxc6 14. Bf3 Rc8 15. Bb2 c5 16. Nc2 cxb4 17. axb4 Qb6 18. Qd4 Nc7 19. Rxa7 Qxd4 20. exd4 Be6 21. c5 Nfd5 22. Nxd5 Nxd5 23. Bxd5 Bxd5 24. Rxe7 dxc5 25. bxc5 Rb8 26. Ba1 Rfd8 27. Ne3 Bb3 28. c6 Bf6 29. Ra7 Rbc8 30. Rb7 Ba2 31. Ra7 Be6 32. d5 Bxa1 33. Rfxa1 Bf5 34. Nxf5 gxf5 35. R7a5 Kg7 36. Re1 Rc7 37. Re5 Kf6 38. f4 Rb8 39. Rc5 Rd8 40. Kf2 Rd6 41. Ke3 Rc8 42. Kd4 Rdd8 43. c7 Rg8 44. Rc6+ Kg7 45. Rxf5 Kf8 46. g4 Ke7 47. d6+ Kd7 48. Kd5 Rg7 49. g5 h6 50. gxh6 Rh7 51. Re5 f6 52. Re7+ Rxe7 53. dxe7 Kxe7 54. h7 f5 55. h8Q 1-0